| 000 | 00896nam a22002897a 4500 | ||
|---|---|---|---|
| 001 | 0074 | ||
| 003 | DO-SdBNP | ||
| 005 | 20180119091829.0 | ||
| 007 | 0074 | ||
| 008 | 151021b sp 1968 xxu||||| |||| 00| 0 spa d | ||
| 040 |
_aBPMSU _bspa _cBPMSU |
||
| 092 |
_axxxxxxx _bxxxxxxx |
||
| 100 | 1 | 0 |
_aBlyton, Enid _d1897-1968 |
| 240 | 1 | _aFive have a wonderful time / | |
| 245 | 1 | 4 |
_aLos cinco lo pasan estupendo / _cEnid Blyton ; traducción Federico Ulsamer ; ilustración José Correas |
| 250 | _a2a ed. | ||
| 260 |
_aBarcelona, España : _bJuventud, _c1968. |
||
| 300 |
_a170 p. : _bil., _c20 cm. |
||
| 490 | 1 | 0 |
_aLos cinco _v32 |
| 700 | 1 | 0 |
_aUlsamer, Federico, _etr. |
| 700 | 1 | 0 |
_aCorreas, José, _eil. |
| 830 | 0 | 0 |
_aLos cinco _n32 |
| 942 |
_2ddc _cBK |
||
| 945 | _aInventariado, 2018 / YL | ||
| 956 |
_aBrenda Tavárez _b10 _cBPMSU |
||
| 956 |
_aYngrid Lockward _2YLOCKWARD _310 _8BPMSU _c20161019 |
||
| 999 |
_c8411 _d8411 |
||